Gobernando el futuro : (Registro nro. 14599)

Detalles MARC
000 -LEADER
fixed length control field 01032nam a2200301 u 4500
001 - CONTROL NUMBER
control field 000032848
003 - CONTROL NUMBER IDENTIFIER
control field DO-SdBNP
005 - DATE AND TIME OF LATEST TRANSACTION
control field 20240315132950.0
007 - PHYSICAL DESCRIPTION FIXED FIELD--GENERAL INFORMATION
fixed length control field 000032848
008 - FIXED-LENGTH DATA ELEMENTS--GENERAL INFORMATION
fixed length control field 100813s2020 mx 000 0 spa d
020 ## - INTERNATIONAL STANDARD BOOK NUMBER
International Standard Book Number 9786071616302
040 ## - CATALOGING SOURCE
Original cataloging agency BPMSU
Language of cataloging spa
Transcribing agency BPMSU
082 #4 - DEWEY DECIMAL CLASSIFICATION NUMBER
Classification number 320.098
Item number C255g 2020
Edition number 22
100 1# - MAIN ENTRY--PERSONAL NAME
Personal name Caputo, Dante.
Dates associated with a name
245 10 - TITLE STATEMENT
Title Gobernando el futuro :
Remainder of title latinoamericanos hacia 2020 /
Statement of responsibility, etc. Dante Caputo ; colaboración con Nicolás J. B. Caputo.
260 ## - PUBLICATION, DISTRIBUTION, ETC. (IMPRINT)
Place of publication, distribution, etc. México D.F :
Name of publisher, distributor, etc. Instituto Federal Electoral,
Date of publication, distribution, etc. 2020
300 ## - PHYSICAL DESCRIPTION
Extent 147 p. ;
Dimensions 26 cm.
490 0# - SERIES STATEMENT
Series statement Sección de obras de política y derecho
500 ## - GENERAL NOTE
General note
504 ## - BIBLIOGRAPHY, ETC. NOTE
Bibliography, etc Incluye bibliografía y notas al pie de páginas
590 ## - LOCAL NOTE (RLIN)
Local note Inventariado, 2024/VM
650 #4 - SUBJECT ADDED ENTRY--TOPICAL TERM
Topical term or geographic name as entry element Democracia
Geographic subdivision América Latina
650 #4 - SUBJECT ADDED ENTRY--TOPICAL TERM
Topical term or geographic name as entry element Pronóstico de la economía
Geographic subdivision América Latina
651 #4 - SUBJECT ADDED ENTRY--GEOGRAPHIC NAME
Geographic name América Latina
General subdivision Política y gobierno
710 2# - ADDED ENTRY--CORPORATE NAME
Corporate name or jurisdiction name as entry element Fondo de Cultura Económica (México)
910 ## - USER-OPTION DATA (OCLC)
User-option data VMateo V. Control de calidad BPMSU
942 ## - ADDED ENTRY ELEMENTS (KOHA)
Source of classification or shelving scheme Dewey Decimal Classification
Koha item type Libros
Existencias
Withdrawn status Lost status Source of classification or shelving scheme Damaged status Not for loan Collection code Home library Current library Date acquired Total Checkouts Full call number Barcode Date last seen Price effective from Koha item type Copy number
    Dewey Decimal Classification     Colección Dominicana Biblioteca Pública Metropolitana Salomé Ureña Biblioteca Pública Metropolitana Salomé Ureña 03/15/2024   BPMSU CD 320.098 C255g 2020 BPMSU24030054 03/15/2024 03/15/2024 Libros  
    Dewey Decimal Classification     Colección Dominicana Biblioteca Pública Metropolitana Salomé Ureña Biblioteca Pública Metropolitana Salomé Ureña 03/15/2024   BPMSU CD 320.098 C255g 2020 BPMSU24030057 03/18/2024 03/15/2024 Libros e.2